Einführung in die Differentialgeometrie /

Guardado en:
Autor Principal: Blaschke, Wilhelm, 1885-1962.
Otros Autores: Reichardt, Hans.
Formato: Libro
Idioma:German
Publicado: Berlin : Springer-Verlag, 1960.
Edición:2. Aufl.
Series:Die Grundlehren der mathematischen Wissenschaften in Einzeldarstellungen mit besonderer Berücksichtigung der Anwendungsgebiete ; Bd. 58
Etiquetas: Agregar Etiqueta
Sin Etiquetas, Sea el primero en etiquetar este registro!
LEADER 00687nam a22001815a 4500
001 MAT.inmabb000807
008 031119s1960####gw############001#0#ger#d
005 20170804113752.0
245 1 0 |a Einführung in die Differentialgeometrie /  |c von Wilhelm Blaschke und Hans Reichardt. 
250 |a 2. Aufl. 
260 |a Berlin :  |b Springer-Verlag,  |c 1960. 
300 |a vii, 173 p. 
440 4 |a Die Grundlehren der mathematischen Wissenschaften in Einzeldarstellungen mit besonderer Berücksichtigung der Anwendungsgebiete ;  |v Bd. 58 
510 4 |a MR,  |c 22 #7062 
100 1 |a Blaschke, Wilhelm,  |d 1885-1962. 
700 1 |a Reichardt, Hans. 
084 |a 53-XX  |2 msc2000 
859 |h 53  |i B644-2  |p A-615  |b BIB. MATEMATICA